| 000 | 00583nam a2200145Ia 4500 | ||
|---|---|---|---|
| 008 | 170221s9999 xx 000 0 und d | ||
| 100 | _aElena Anatol’evna Derunova | ||
| 245 | _aInvestigation of Various Prediction Models of Demand on the Market of Innovations | ||
| 245 | _cElena Anatol’evna Derunova, Irina Nikolayevna Filatova, Alexandr Sergeevich Semenov, Vladimir Alexandrovich Derunov | ||
| 260 | _bInternational Review of Management and Marketing | ||
| 260 | _c2016 | ||
| 300 | _a15 : 4 | ||
| 650 | _xMarketing. | ||
| 856 | _uhttp://www.econjournals.com/index.php/irmm | ||
| 999 |
_c311831 _d311831 |
||